00209nam a2200085Ia 4500008004100000100001600041245002600057260003200083300000800115190216s9999||||xx |||||||||||||| ||und|| aJaiswal.J.N 0aComperhensive Bank Of bLaxmi Publication Ltdc2004 a787